[Event "AUT-chT2M 2425"]
[Site "Austria"]
[Date "2024.10.18"]
[Round "1.3"]
[White "Wagner, Stephan"]
[Black "Eder, Matthias"]
[Result "1-0"]
[WhiteElo "2227"]
[BlackElo "2224"]
[PlyCount "118"]
[EventDate "2024.10.18"]
[EventType "team-tourn"]
[EventRounds "11"]
[EventCountry "AUT"]
[SourceTitle "CB44_2024"]
[Source "Chessbase"]
[SourceDate "2024.10.30"]
[SourceVersion "1"]
[SourceVersionDate "2024.10.30"]
[SourceQuality "1"]
[WhiteTeam "Graz Styria"]
[BlackTeam "Graz Schachfreunde"]
[WhiteTeamCountry "AUT"]
[BlackTeamCountry "AUT"]

1. c4 Nf6 2. Nc3 g6 3. e4 d6 4. g3 Bg7 5. Bg2 c5 6. Nge2 Nc6 7. 0-0 0-0 8. d3 Rb8 9. Rb1 a6 10. a4 Ne8 11. Be3 Nc7 12. d4 b5 13. cxb5 axb5 14. dxc5 dxc5 15. Bxc5 Ba6 16. axb5 Nxb5 17. Nd5 Nc7 18. b4 Re8 19. Qc2 e6 20. Ndf4 e5 21. Rfd1 Nd4 22. Nxd4 exd4 23. Bf1 Bxf1 24. Rxf1 Qd7 25. Rfe1 Nb5 26. Rbd1 h5 27. Qc4 Qg4 28. h3 Qg5 29. h4 Qg4 30. Kg2 Qc8 31. Nxg6 Nc3 32. Rxd4 Bxd4 33. Qxd4 fxg6 34. Qxc3 Qc6 35. Qc4+ Qe6 36. Qxe6+ Rxe6 37. f4 Ra8 38. Re3 Ra2+ 39. Kf3 Rb2 40. Ra3 Kf7 41. Ra7+ Kg8 42. Ra3 Re8 43. e5 Rd8 44. e6 Re8 45. Re3 Ra2 46. g4 hxg4+ 47. Kxg4 Rg2+ 48. Kf3 Rh2 49. Kg3 Rh1 50. Re5 Ra1 51. h5 Kg7 52. e7 gxh5 53. Rxh5 Kf6 54. Kg4 Rb1 55. Rf5+ Ke6 56. Rf8 Kd7 57. Kf5 Rh1 58. Kf6 Rc1 59. f5 Rf1 1-0

[Event "AUT-chT2M 2324"]
[Site "Austria"]
[Date "2024.04.19"]
[Round "9.4"]
[White "Nareks, Matic"]
[Black "Wagner, Stephan"]
[Result "1-0"]
[WhiteElo "2307"]
[BlackElo "2260"]
[PlyCount "133"]
[EventDate "2023.11.03"]
[EventType "team-tourn"]
[EventRounds "11"]
[EventCountry "AUT"]
[SourceTitle "EXT 2025"]
[Source "ChessBase"]
[SourceDate "2024.10.14"]
[SourceVersion "1"]
[SourceVersionDate "2024.10.14"]
[SourceQuality "1"]
[WhiteTeam "Gamlitz"]
[BlackTeam "Graz Styria"]
[WhiteTeamCountry "AUT"]
[BlackTeamCountry "AUT"]

1. g3 c5 2. Bg2 Nc6 3. e4 g6 4. Ne2 Bg7 5. 0-0 d6 6. h3 e5 7. f4 exf4 8. Nxf4 Nge7 9. c3 0-0 10. d3 b5 11. Be3 Rb8 12. a3 a5 13. Nd2 a4 14. Kh2 Bd7 15. Qc2 Rc8 16. Rf2 Na5 17. Raf1 b4 18. h4 Nec6 19. Nf3 bxc3 20. bxc3 Nd4 21. Bxd4 cxd4 22. c4 Nb3 23. Nd5 h6 24. h5 g5 25. Ng1 Be6 26. Qe2 Rb8 27. Nb4 Qd7 28. Bh3 Nc5 29. Bf5 Qe8 30. Rd1 Nd7 31. Kg2 Ne5 32. Rdf1 g4 33. Rf4 Qe7 34. Rxg4 Nxg4 35. Qxg4 Qd7 36. Nf3 Kh8 37. Nh4 Bxf5 38. Nxf5 Be5 39. Nxh6 Qxg4 40. Nxg4 f6 41. Nh6 Kh7 42. Nf5 Rg8 43. Kf3 Rg5 44. Rh1 Rb7 45. g4 Rg8 46. Rc1 Rc8 47. Rc2 Rcc7 48. Nh4 Kh6 49. Rf2 Kg5 50. Nf5 Rc5 51. Rd2 Rc8 52. Rd1 Rc5 53. Rh1 Rc8 54. Rd1 Rc5 55. Nc2 Rb2 56. Ncxd4 Bxd4 57. Nxd4 Rc8 58. Kg3 Ra2 59. Nb5 d5 60. exd5 f5 61. Nd6 f4+ 62. Kf3 Rf8 63. Ne4+ Kh6 64. d6 Rxa3 65. Nc5 Ra8 66. d7 Rc3 67. Nxa4 1-0

[Event "Vaxjo op"]
[Site "Vaxjo"]
[Date "2023.02.11"]
[Round "6"]
[White "Wagner, Stephan"]
[Black "Amar, Elham"]
[Result "0-1"]
[WhiteElo "2264"]
[BlackElo "2527"]
[PlyCount "118"]
[EventDate "2023.02.10"]
[EventType "swiss"]
[EventRounds "8"]
[EventCountry "SWE"]
[SourceTitle "CBM 212 Extra"]
[Source "ChessBase"]
[SourceDate "2023.03.31"]
[SourceVersion "1"]
[SourceVersionDate "2023.03.31"]
[SourceQuality "1"]

1. c4 e6 2. g3 d5 3. Bg2 Nf6 4. Nf3 d4 5. 0-0 c5 6. e3 Nc6 7. exd4 cxd4 8. d3 Bd6 9. Bg5 h6 10. Bxf6 Qxf6 11. Nbd2 Qe7 12. Re1 0-0 13. a3 a5 14. Nb3 Qf6 15. c5 Bc7 16. Rc1 e5 17. Nbd2 Be6 18. b3 Bd5 19. Nc4 Rae8 20. Nfd2 Bxg2 21. Kxg2 Qe6 22. Qf3 f5 23. Kg1 Kh7 24. b4 axb4 25. axb4 Nxb4 26. Qxb7 Nd5 27. Nb6 Bxb6 28. cxb6 Nb4 29. Rc7 Qg6 30. Re7 Nxd3 31. Rxe8 Rxe8 32. Rb1 e4 33. Qd5 Nf4 34. Qb5 e3 35. fxe3 Rxe3 36. Nf1 Ne2+ 37. Kf2 Nc3 38. Qb2 Nxb1 39. Nxe3 Nc3 40. b7 dxe3+ 41. Kg1 e2 42. Qxc3 Qb6+ 43. Kg2 Qxb7+ 44. Kf2 Qh1 45. Kxe2 Qxh2+ 46. Kf3 Qh1+ 47. Kf2 Qe4 48. Qc7 Qe6 49. Kf3 Kg6 50. Kf2 Qd5 51. Qb6+ Kh5 52. Qc7 Qd4+ 53. Kf3 g6 54. Qf7 Qe4+ 55. Kf2 Kg5 56. Qf8 Kg4 57. Qf6 Qf3+ 58. Kg1 Qxg3+ 59. Kh1 Qh4+ 0-1

[Event "Vaxjo op"]
[Site "Vaxjo"]
[Date "2023.02.10"]
[Round "4"]
[White "Blomqvist, Erik"]
[Black "Wagner, Stephan"]
[Result "1/2-1/2"]
[WhiteElo "2510"]
[BlackElo "2264"]
[PlyCount "102"]
[EventDate "2023.02.10"]
[EventType "swiss"]
[EventRounds "8"]
[EventCountry "SWE"]
[SourceTitle "CBM 212 Extra"]
[Source "ChessBase"]
[SourceDate "2023.03.31"]
[SourceVersion "1"]
[SourceVersionDate "2023.03.31"]
[SourceQuality "1"]

1. e4 c6 2. d4 d5 3. e5 Bf5 4. c4 e6 5. Nc3 Bb4 6. cxd5 Qxd5 7. Nf3 Ne7 8. Be2 c5 9. 0-0 Bxc3 10. bxc3 Nbc6 11. Ba3 cxd4 12. Nxd4 Nxd4 13. cxd4 Nc6 14. Qd2 Qxd4 15. Qg5 h6 16. Qxg7 Qxe5 17. Qxe5 Nxe5 18. Rfd1 Nc6 19. Bf3 Rd8 20. Bd6 f6 21. Bh5+ Kd7 22. Bf8+ Kc8 23. Rxd8+ Nxd8 24. Bg7 Rg8 25. Bxf6 Be4 26. f3 Bd5 27. Kf2 Nc6 28. a3 b5 29. Rb1 a6 30. Bc3 Kc7 31. h4 Kb6 32. g4 Kc5 33. Bf6 Rf8 34. g5 hxg5 35. hxg5 Kd6 36. Rg1 a5 37. Bb2 e5 38. g6 Nd4 39. g7 Rc8 40. Bg6 Nxf3 41. Rd1 Nd4 42. Bxd4 exd4 43. Rxd4 Ke5 44. Rxd5+ Kxd5 45. Bf7+ Kd4 46. g8Q Rxg8 47. Bxg8 Kc3 48. Ke3 Kb2 49. Kd2 Kxa3 50. Kc2 Kb4 51. Kb2 a4 1/2-1/2

[Event "Rilton Cup 48th"]
[Site "Stockholm"]
[Date "2018.12.31"]
[Round "5"]
[White "Slugin, Sergey"]
[Black "Wagner, Stephan"]
[Result "1-0"]
[WhiteElo "2359"]
[BlackElo "2218"]
[PlyCount "63"]
[EventDate "2018.12.27"]
[EventType "swiss"]
[EventRounds "9"]
[EventCountry "SWE"]
[SourceTitle "CBM 188 Extra"]
[Source "ChessBase"]
[SourceDate "2019.02.28"]
[SourceVersion "1"]
[SourceVersionDate "2019.02.28"]
[SourceQuality "1"]

1. d4 f5 2. g3 e6 3. Bg2 Nf6 4. Nf3 d5 5. c4 c6 6. 0-0 Bd6 7. Nc3 Nbd7 8. Qc2 0-0 9. cxd5 cxd5 10. Nb5 Bb8 11. Bf4 Bxf4 12. gxf4 Nb6 13. Nc7 Rb8 14. Ng5 Qd6 15. Qc5 Nc4 16. Rfc1 Qxc5 17. dxc5 Nxb2 18. Rab1 Nc4 19. c6 h6 20. Ngxe6 Rf7 21. Na6 Bxe6 22. Nxb8 b6 23. Na6 Ne4 24. Rb3 Na5 25. Rd3 Rf8 26. Nc7 Bf7 27. Nxd5 Nc5 28. Ne7+ Kh7 29. c7 Nxd3 30. exd3 Be6 31. c8Q Bxc8 32. Rxc8 1-0

[Event "AUT-chT2O 1213"]
[Site "Austria"]
[Date "2013.04.06"]
[Round "10.3"]
[White "Neumeier, Klaus"]
[Black "Wagner, Stephan"]
[Result "1-0"]
[WhiteElo "2255"]
[BlackElo "2178"]
[PlyCount "45"]
[EventDate "2012.10.06"]
[EventType "team-tourn"]
[EventRounds "11"]
[EventCountry "AUT"]
[SourceTitle "EXT 2014"]
[Source "ChessBase"]
[SourceDate "2013.11.20"]
[SourceVersion "1"]
[SourceVersionDate "2013.11.20"]
[SourceQuality "1"]
[WhiteTeam "Eichgraben"]
[BlackTeam "Zwettl II"]
[WhiteTeamCountry "AUT"]
[BlackTeamCountry "AUT"]

1. d4 Nf6 2. Nf3 d5 3. c4 c6 4. e3 e6 5. b3 Nbd7 6. Bb2 Bd6 7. Bd3 0-0 8. 0-0 Qe7 9. Ne5 a5 10. f4 Ne4 11. Bxe4 dxe4 12. Nc3 f5 13. Na4 Nf6 14. Bc3 Bd7 15. Qe1 Bc7 16. b4 b5 17. Nc5 a4 18. Ncxd7 Nxd7 19. Nxc6 Qe8 20. cxb5 Nb8 21. d5 exd5 22. Qd2 Qe6 23. Qxd5 1-0

[Event "AUT-chT 1213"]
[Site "Austria"]
[Date "2013.01.18"]
[Round "5.6"]
[White "Wagner, Stephan"]
[Black "Lehner, Oliver"]
[Result "0-1"]
[WhiteElo "2178"]
[BlackElo "2446"]
[PlyCount "164"]
[EventDate "2012.11.02"]
[EventType "team-tourn"]
[EventRounds "11"]
[EventCountry "AUT"]
[SourceTitle "EXT 2014"]
[Source "ChessBase"]
[SourceDate "2013.11.20"]
[SourceVersion "1"]
[SourceVersionDate "2013.11.20"]
[SourceQuality "1"]
[WhiteTeam "Zwettl"]
[BlackTeam "Jenbach"]
[WhiteTeamCountry "AUT"]
[BlackTeamCountry "AUT"]

1. c4 e6 2. g3 d5 3. cxd5 exd5 4. Bg2 Nf6 5. Nf3 Be7 6. 0-0 0-0 7. d4 Re8 8. Nc3 c6 9. Bf4 Bf5 10. h3 Ne4 11. Qb3 Nxc3 12. bxc3 Qb6 13. g4 Be4 14. Nd2 Bg6 15. Rfe1 Nd7 16. e4 dxe4 17. Nxe4 Nf6 18. Nxf6+ Bxf6 19. Rac1 h6 20. Bg3 Rac8 21. Kh2 Bd3 22. Bf3 Bg5 23. Ra1 Qa6 24. h4 Bf6 25. a4 Bc4 26. Qc2 Qa5 27. Re3 Qd8 28. Kh3 Bd5 29. Qe2 Qd7 30. Kh2 Re6 31. Re1 Rce8 32. Qd1 g6 33. Rxe6 Rxe6 34. Rxe6 Qxe6 35. Qe2 Bd8 36. Qxe6 Bxe6 37. Be2 Bb3 38. c4 Bxa4 39. d5 cxd5 40. cxd5 a5 41. Bb8 Bxh4 42. Bc7 Bxf2 43. Bxa5 Bc5 44. Bc7 Kf8 45. Kg2 Ke7 46. Bf4 g5 47. Bc7 Bb3 48. Bf3 b5 49. Kf1 Bd6 50. Bb6 b4 51. Bd4 Bc2 52. Ke1 b3 53. Bb2 f6 54. Ke2 Be5 55. Ba3+ Kd7 56. Kd2 f5 57. gxf5 Bxf5 58. Kc1 g4 59. Bd1 g3 60. Bxb3 Bd4 61. Ba4+ Kc7 62. d6+ Kb7 63. Bd1 Bh3 64. d7 Bxd7 65. Bd6 g2 66. Bh2 g1Q 67. Bxg1 Bxg1 68. Bf3+ Kc7 69. Kd1 Kd6 70. Ke1 Ke5 71. Kf1 Kf4 72. Bb7 Bd4 73. Kg2 h5 74. Kh2 h4 75. Bg2 Be5 76. Bd5 Kg4+ 77. Kh1 Kg3 78. Bb7 h3 79. Bd5 Bb5 80. Kg1 Bd4+ 81. Kh1 Bf1 82. Bc4 Bg2# 0-1

[Event "Vienna Husek op-A"]
[Site "Vienna"]
[Date "2012.08.19"]
[Round "7"]
[White "Orsi, Massimiliano"]
[Black "Wagner, Stephan"]
[Result "1/2-1/2"]
[WhiteElo "2028"]
[BlackElo "2156"]
[PlyCount "88"]
[EventDate "2012.08.13"]
[EventType "swiss"]
[EventRounds "7"]
[EventCountry "AUT"]
[SourceTitle "EXT 2014"]
[Source "ChessBase"]
[SourceDate "2013.11.20"]
[SourceVersion "1"]
[SourceVersionDate "2013.11.20"]
[SourceQuality "1"]

1. e4 d5 2. exd5 Qxd5 3. Nc3 Qa5 4. Nf3 Nf6 5. Qe2 c6 6. d4 Bf5 7. Qe5 Qxe5+ 8. dxe5 Nd5 9. Nxd5 cxd5 10. Nd4 Bg6 11. Bb5+ Nd7 12. 0-0 e6 13. Re1 a6 14. Bf1 Bc5 15. c3 0-0 16. Nb3 Ba7 17. Be3 Bxe3 18. Rxe3 Rfc8 19. Nd4 Rab8 20. g4 b5 21. a3 Nb6 22. f4 Be4 23. b3 Rc7 24. Bg2 Bxg2 25. Kxg2 Rbc8 26. Rc1 Nd7 27. f5 exf5 28. e6 fxe6 29. Nxe6 Rc6 30. gxf5 Nc5 31. Rd1 Nxe6 32. fxe6 Rxc3 33. Rxc3 Rxc3 34. Rxd5 Kf8 35. Rd6 a5 36. Ra6 Rxb3 37. Rxa5 h5 38. a4 bxa4 39. Rxa4 Re3 40. Ra8+ Ke7 41. Rg8 Kf6 42. Rf8+ Kg6 43. Re8 Kf6 44. Rf8+ Kg6 1/2-1/2

[Event "Graz op"]
[Site "Graz"]
[Date "2007.09.01"]
[Round "1"]
[White "Diermair, Andreas"]
[Black "Wagner, Stephan"]
[Result "1/2-1/2"]
[WhiteElo "2373"]
[BlackElo "2223"]
[PlyCount "93"]
[EventDate "2007.09.01"]
[EventType "swiss"]
[EventRounds "9"]
[EventCountry "AUT"]
[SourceTitle "EXT 2009"]
[Source "ChessBase"]
[SourceDate "2008.11.26"]
[SourceVersion "1"]
[SourceVersionDate "2008.11.26"]
[SourceQuality "1"]

1. e4 e5 2. Nf3 Nc6 3. Bb5 Nf6 4. 0-0 Nxe4 5. d4 Nd6 6. Bxc6 dxc6 7. dxe5 Nf5 8. Qxd8+ Kxd8 9. Nc3 Bd7 10. h3 Kc8 11. b3 Bb4 12. Bb2 Bxc3 13. Bxc3 Be6 14. g4 Ne7 15. Ng5 h5 16. Nxe6 fxe6 17. Kg2 Kd7 18. Rad1+ Ke8 19. f4 g6 20. Bb4 Nd5 21. Bd2 Ne7 22. c4 b6 23. Be1 hxg4 24. hxg4 Rd8 25. Rxd8+ Kxd8 26. Rf3 Ke8 27. b4 Rh7 28. Bf2 Rh8 29. Ra3 Nc8 30. Rh3 Rxh3 31. Kxh3 b5 32. cxb5 cxb5 33. Bc5 Nb6 34. Kh4 Nd5 35. Kg5 Kf7 36. a3 Nb6 37. f5 gxf5 38. gxf5 Nd7 39. Bd4 a6 40. f6 Nb8 41. Kf4 Nd7 42. Ke4 Ke8 43. Ba7 Kf7 44. Kd4 Ke8 45. Bc5 Kf7 46. Be7 Ke8 47. Ke4 1/2-1/2

[Event "AUT-chT2M 0607"]
[Site "Austria"]
[Date "2006.10.28"]
[Round "1.5"]
[White "Wagner, Stephan"]
[Black "Rumpl, Erwin"]
[Result "1-0"]
[WhiteElo "2231"]
[BlackElo "2288"]
[PlyCount "71"]
[EventDate "2006.10.28"]
[EventType "team-tourn"]
[EventRounds "11"]
[EventCountry "AUT"]
[SourceTitle "EXT 2007"]
[Source "ChessBase"]
[SourceDate "2006.11.23"]
[SourceVersion "1"]
[SourceVersionDate "2006.11.23"]
[SourceQuality "1"]
[WhiteTeam "Graz Styria II"]
[BlackTeam "Ansfelden"]
[WhiteTeamCountry "AUT"]
[BlackTeamCountry "AUT"]

1. c4 g6 2. Nc3 Bg7 3. g3 e5 4. Bg2 d6 5. Rb1 a5 6. a3 f5 7. d3 Nf6 8. e3 0-0 9. Nge2 c6 10. 0-0 Na6 11. b4 axb4 12. axb4 Nc7 13. b5 Bd7 14. Qb3 Qe7 15. Ba3 Ne6 16. d4 e4 17. Rfd1 Ng5 18. Nf4 Nf3+ 19. Bxf3 exf3 20. Bxd6 Qe8 21. Bxf8 Bxf8 22. Ra1 Rc8 23. Nd3 g5 24. Ne5 Qh5 25. c5+ Kg7 26. bxc6 Bxc6 27. d5 Re8 28. Nxf3 Qxf3 29. dxc6 Bxc5 30. Nd5 f4 31. Qc3 Re6 32. Nxf6 Rxf6 33. Qxc5 fxg3 34. Qxg5+ Kf8 35. Ra8+ Ke7 36. Rd7+ 1-0

[Event "EU-Cup 22nd"]
[Site "Fuegen"]
[Date "2006.10.08"]
[Round "1.4"]
[White "Anastasian, Ashot"]
[Black "Wagner, Stephan"]
[Result "1-0"]
[WhiteElo "2580"]
[BlackElo "2231"]
[PlyCount "69"]
[EventDate "2006.10.08"]
[EventType "team-swiss"]
[EventRounds "7"]
[EventCountry "AUT"]
[SourceTitle "EXT 2020"]
[Source "ChessBase"]
[SourceDate "2019.10.17"]
[SourceVersion "1"]
[SourceVersionDate "2019.10.17"]
[SourceQuality "1"]
[WhiteTeam "Yerevan"]
[BlackTeam "Graz"]
[WhiteTeamCountry "ARM"]
[BlackTeamCountry "AUT"]

1. d4 Nf6 2. c4 e6 3. Nf3 b6 4. Nc3 Bb4 5. Bg5 Bb7 6. Nd2 h6 7. Bh4 g5 8. Bg3 Bxc3 9. bxc3 d6 10. f3 Nbd7 11. a4 a5 12. e4 Qe7 13. Qb3 Bc6 14. h4 Nh5 15. Bf2 g4 16. 0-0-0 gxf3 17. gxf3 0-0-0 18. Rh2 Rdf8 19. c5 dxc5 20. Nc4 cxd4 21. Bxd4 e5 22. Be3 Ng3 23. Nxa5 Bb7 24. Bh3 f5 25. Nxb7 Kxb7 26. Qd5+ Kb8 27. Kb2 Nf6 28. Qc6 Rd8 29. Rhd2 f4 30. a5 Rxd2+ 31. Rxd2 Ngxe4 32. fxe4 Nxe4 33. a6 Nd6 34. Rxd6 cxd6 35. Bd7 1-0

[Event "AUT-ch U18"]
[Site "Tschagguns"]
[Date "2006.04.13"]
[Round "7"]
[White "Wolfram, Dominik"]
[Black "Wagner, Stephan"]
[Result "0-1"]
[WhiteElo "2137"]
[BlackElo "2194"]
[PlyCount "116"]
[EventDate "2006.04.09"]
[EventType "swiss"]
[EventRounds "7"]
[EventCountry "AUT"]
[SourceTitle "CBM 111 Extra"]
[Source "ChessBase"]
[SourceDate "2006.05.09"]
[SourceVersion "1"]
[SourceVersionDate "2006.05.09"]
[SourceQuality "1"]

1. e4 d5 2. exd5 Qxd5 3. Nc3 Qa5 4. d4 Nf6 5. Bc4 c6 6. Nge2 Bf5 7. 0-0 e6 8. Bf4 Nbd7 9. Ng3 Bg6 10. a3 Be7 11. Re1 Qd8 12. Bd3 0-0 13. Bxg6 hxg6 14. Nce4 Nxe4 15. Nxe4 Nf6 16. b4 Qd5 17. Qd3 Rfd8 18. Rad1 Nxe4 19. Rxe4 b5 20. Re5 Qd7 21. c4 Bf6 22. Re4 a5 23. Be5 Bxe5 24. Rxe5 axb4 25. axb4 Qxd4 26. Qxd4 Rxd4 27. Rb1 Rxc4 28. f3 Ra4 29. Re4 Rxe4 30. fxe4 Ra2 31. Rd1 Re2 32. Rd4 e5 33. Kf1 Rb2 34. Rd8+ Kh7 35. Rc8 Rxb4 36. Rxc6 Rxe4 37. Rb6 b4 38. Kf2 f6 39. Kf3 Rd4 40. Rb8 g5 41. Ke3 g4 42. g3 Kg6 43. Rb7 Kh6 44. Rf7 Rc4 45. Kd3 Rc3+ 46. Kd2 Rf3 47. Rf8 Kg5 48. Ke2 Kf5 49. Rb8 b3 50. Rb4 Rc3 51. Kd1 Rc2 52. Rxb3 Rxh2 53. Ke1 Ke4 54. Kf1 g5 55. Rb4+ Kf5 56. Rb5 Rd2 57. Rb6 e4 58. Rb5+ Ke6 0-1

[Event "AUT-chT2M 0506"]
[Site "Austria"]
[Date "2006.02.05"]
[Round "7.6"]
[White "Krebs, Johann"]
[Black "Wagner, Stephan"]
[Result "1/2-1/2"]
[WhiteElo "2213"]
[BlackElo "2165"]
[PlyCount "41"]
[EventDate "2005.10.08"]
[EventType "team-tourn"]
[EventRounds "11"]
[EventCountry "AUT"]
[SourceTitle "EXT 2006"]
[Source "ChessBase"]
[SourceDate "2005.11.24"]
[SourceVersion "1"]
[SourceVersionDate "2005.11.24"]
[SourceQuality "1"]
[WhiteTeam "Graz Strassenbahn"]
[BlackTeam "Graz Styria"]
[WhiteTeamCountry "AUT"]
[BlackTeamCountry "AUT"]

1. d4 Nf6 2. Nf3 e6 3. c4 b6 4. g3 Ba6 5. Qa4 Be7 6. Bg2 Bb7 7. 0-0 0-0 8. Nc3 Ne4 9. Qc2 Nxc3 10. Qxc3 Be4 11. Rd1 Bf6 12. Bf4 d6 13. Qe3 Bb7 14. Rac1 Qe7 15. c5 dxc5 16. dxc5 Rd8 17. Rxd8+ Qxd8 18. cxb6 cxb6 19. Bc7 Qe7 20. Qd3 Nc6 21. Bd6 1/2-1/2